| 000 | 00554nam a2200157Ia 4500 | ||
|---|---|---|---|
| 008 | 210716s2002 xx 000 0 und d | ||
| 020 | _a812241625X | ||
| 041 | _aeng | ||
| 082 | _a005.43769 NELS | ||
| 100 | _aNelson, Stephen L; Maguiness, David B. | ||
| 245 |
_aMBA'S guide to microsoft excel 2002: the essential excel reference for business professionals. _bEssential excel reference for business professionals. |
||
| 250 | _a1 | ||
| 260 |
_aNew Delhi _bNew Age International Pvt Ltd _c2002 |
||
| 300 | _axxiii,485 | ||
| 650 | _aComputer Fundamentals | ||
| 999 |
_c199171 _d199171 |
||